Statistics for Similiar Geographical Names

Click here to take the quiz!

General Stats

  • This quiz has been taken 5 times
  • The average score is 8 of 15

Answer Stats

QuestionAnswer% Correct
USA: Town(Big Town). Alexandria, Louisiana, USA.Alexandria, Egypt
75%
USA: Town(Big Town). Holland, Michigan, USA.Holland(Kingdom of the Netherlands)
75%
USA: Parish. Orleans Parish, Louisiana, USA.Orleans, France(Commune)
75%
USA: State. Georgia, USA.Tbilisi, Georgia, Republic of Georgia
75%
USA: School(Big College). University of Kentucky(UK).United Kingdom of Great Britain and Northern Ireland
75%
USA: City. New York City, New York, USA.City of York, England, UK
50%
USA: Town(Small Town). Dublin, Texas, USA.Dublin, Ireland, Republic of Ireland
50%
USA: State. New Hampshire, USA.Hampshire, England, UK(County)
50%
USA: City. Indianapolis, Indiana, USA.India
50%
USA: State. Rhode Island, USA.Rhodes, Greece(Ancient City)
50%
USA: State. Georgia, USA.Tbilisi, Georgia(Republic of Georgia)
50%
USA: State. New Jersey, USA.Jersey, UK(Island)
25%
USA: County. Maricopa County, Arizona, USA.Mauratania(Country)
25%
USA: City. San Diego, California, USA.San Salvador, El Salvador
25%
USA: City. Santa Fe, New Mexico, USA.Santo Domingo, Dominican Republic
25%

Score Distribution

Percentile by Number Answered

Percent of People with Each Score

Your Score History

You have not taken this quiz